LEADER 01248cam0-22003131i-450- 001 990005392500403321 005 20150408113044.0 012 $aV.Fu 0.io lala (e(d (3) 1816 (R)$2fei$5IT-NA0105 035 $a000539250 035 $aFED01000539250 035 $a(Aleph)000539250FED01 035 $a000539250 100 $a19990604d1816----km-y0itay50------ba 101 0 $aita 102 $aIT 140 $aa-------------------bb0----- 200 1 $aProdromo di nuove osservazioni e scoperte fatte nelle antichità di Roma da varj anni addietro, letto nell'Accademia archeologica il d́ 1. agosto 1816. Dell'avv. d. Carlo Fea ... 210 $aIn Roma$cpresso Francesco Bourliè$d1816 215 $a61, [1] p.$d24 cm 316 $alegato con altri 11 opuscoli$5IT-NA0105: SG 700/B 67 700 1$aFea,$bCarlo$f<1753-1836>$037512 719 00$aBourlié,$gFrancesco$4650 801 0$aIT$bUNINA$gRICA$2UNIMARC 901 $aAQ 912 $a990005392500403321 952 $aSG 700/B 67 (A)$bARCH. 6495$fFLFBC 959 $aFLFBC 996 $aProdromo di nuove osservazioni e scoperte fatte nelle antichità di Roma da varj anni addietro, letto nell'Accademia archeologica il d́ 1. agosto 1816. Dell'avv. d. Carlo Fea ..$9595219 997 $aUNINA